| 000 | 00609nam a2200181Ia 4500 | ||
|---|---|---|---|
| 008 | 090123s9999 xx 000 0 und d | ||
| 082 | _b16838 | ||
| 100 | _aदामले आशा | ||
| 245 | _aकोण्या एका स्वप्न काळी | ||
| 250 | _a1 | ||
| 260 |
_bविद्या प्रकाशन _c1989 |
||
| 300 | _a114 | ||
| 600 | _aदामले आशा | ||
| 630 | _aकोण्या एका स्वप्न काळी | ||
| 700 | _aदामले आशा | ||
| 730 | _aकोण्या एका स्वप्न काळी | ||
| 942 | _cBOOK | ||
| 999 |
_c54897 _d54897 |
||